[Event "22nd Varna it"]
[Site "Varna BUL"]
[Date "1983.05.??"]
[Round "7"]
[White "Lalev, Dimitar"]
[Black "Meduna, Eduard"]
[Result "1/2-1/2"]
[WhiteElo "2385"]
[BlackElo "2475"]
[EventDate "1983.05.01"]
[PlyCount "82"]

1.Nf3 Nf6 2.c4 c6 3.g3 d5 4.Bg2 Bf5 5.cxd5 cxd5 6.Qb3 Qc8 7.Nc3 e6 8.d3 
Nc6 9.O-O Be7 10.Bf4 O-O 11.Rac1 Bg6 12.Ne5 Nd7 13.Nxg6 hxg6 14.d4 g5 15.
Bd2 Nb6 16.e4 dxe4 17.Nxe4 Qd8 18.Rfd1 Nxd4 19.Qe3 Nf5 20.Qb3 Nd4 21.Qe3 
Nf5 22.Qe1 Nd5 23.Nc3 Bf6 24.Nxd5 exd5 25.Ba5 Qe8 26.Rxd5 Nd4 27.Qxe8 
Rfxe8 28.Kf1 b6 29.Bd2 Rad8 30.Rc7 Ne6 31.Rxa7 Bxb2 32.Be3 Bd4 33.Bxd4 
Nxd4 34.Rdd7 Nb5 35.Rab7 Nc3 36.a3 Rxd7 37.Rxd7 Re5 38.Rd8+ Kh7 39.Rd3 Rc5
40.Ke1 f5 41.Kd2 Nb1+ 1/2-1/2

[Event "22nd Varna it"]
[Site "Varna BUL"]
[Date "1983.05.??"]
[Round "8"]
[White "Atanasov, Petko"]
[Black "Lalev, Dimitar"]
[Result "0-1"]
[WhiteElo "2400"]
[BlackElo "2385"]
[EventDate "1983.05.01"]
[PlyCount "92"]

1.e4 c5 2.Nf3 e6 3.d4 cxd4 4.Nxd4 d6 5.Nc3 a6 6.g3 Nf6 7.Bg2 Be7 8.O-O O-O
9.h3 Qc7 10.Be3 Nc6 11.Nce2 Nxd4 12.Bxd4 Bd7 13.Re1 Bc6 14.Nc3 b5 15.a3 
Rfd8 16.Qe2 Qb7 17.Nd1 Nd7 18.f4 e5 19.Bc3 exf4 20.gxf4 Re8 21.Ne3 Bf8 22.
Qg4 g6 23.Nf5 Bxe4 24.Rxe4 Rxe4 25.Ng3 d5 26.Bxe4 dxe4 27.Rd1 Qb6+ 28.Kg2 
Nf6 29.Qg5 Bg7 30.Qe5 Qe3 31.Rd3 Qa7 32.Rd1 Re8 33.Qd6 Qe3 34.Rf1 Nh5 35.
Nxh5 Bxc3 36.bxc3 Qe2+ 37.Rf2 Qxh5 38.Qd7 Rf8 39.f5 Qg5+ 40.Kh2 e3 41.Re2 
Qf4+ 42.Kg2 Qg5+ 43.Kh2 Rd8 44.Qc6 Rd1 45.Qe8+ Kg7 46.Qxe3 Qxf5 0-1

[Event "22nd Varna it"]
[Site "Varna BUL"]
[Date "1983.05.??"]
[Round "8"]
[White "Georgiev, Krum"]
[Black "Groszpeter, Attila"]
[Result "1/2-1/2"]
[WhiteElo "2440"]
[BlackElo "2505"]
[EventDate "1983.05.01"]
[PlyCount "35"]

1.d4 Nf6 2.Nf3 e6 3.g3 c5 4.Bg2 cxd4 5.Nxd4 Bc5 6.O-O Nc6 7.Nb3 Be7 8.c4 
d5 9.cxd5 Nxd5 10.Bd2 O-O 11.Nc3 Nb6 12.Bf4 e5 13.Be3 Bf5 14.Nc5 Qc8 15.
Nd5 Nxd5 16.Qxd5 Rd8 17.Qb3 Bxc5 18.Bxc5 1/2-1/2

[Event "22nd Varna it"]
[Site "Varna BUL"]
[Date "1983.05.??"]
[Round "8"]
[White "Lukov, Valentin"]
[Black "Ermenkov, Evgeny"]
[Result "1-0"]
[WhiteElo "2430"]
[BlackElo "2445"]
[EventDate "1983.05.01"]
[PlyCount "151"]

1.e4 c5 2.Nf3 d6 3.d4 cxd4 4.Nxd4 Nf6 5.Nc3 a6 6.Bg5 e6 7.f4 b5 8.e5 dxe5 
9.fxe5 Qc7 10.Qe2 Nfd7 11.O-O-O Bb7 12.Nxe6 fxe6 13.Qh5+ g6 14.Qg4 Be7 15.
Bxe7 Nxe5 16.Qg3 Kxe7 17.Bxb5 Rc8 18.Ba4 Nf7 19.Qh4+ Kf8 20.Rhf1 Kg8 21.
Bb3 Re8 22.Rde1 Qd7 23.Na4 Qb5 24.Qf2 Qf5 25.Qb6 Qg5+ 26.Kb1 Bd5 27.Qc7 
Re7 28.Qc8+ Kg7 29.Nb6 Bxb3 30.Nxa8 Bxa2+ 31.Kxa2 Qd5+ 32.c4 Qxa8 33.Rxe6 
Qb7 34.Qxb7 Rxb7 35.Rfe1 Rc7 36.Re7 Rc8 37.Rf1 Rf8 38.Rc7 a5 39.Ka3 g5 40.
Ka4 Na6 41.Ra7 Nb4 42.c5 Nc6 43.Rc7 Ne5 44.Kxa5 Ra8+ 45.Kb4 Kg6 46.Kc3 g4 
47.b4 Ra3+ 48.Kc2 Ng5 49.Rb7 Ne4 50.Rf4 Rc3+ 51.Kb1 Nc4 52.Rxe4 Nd2+ 53.
Kb2 Nxe4 54.Re7 Rc4 55.Kb3 Nd2+ 56.Ka4 Rc1 57.Kb5 Nb3 58.Rd7 Kf5 59.Rd3 
Na1 60.Kb6 Rc4 61.b5 Ke4 62.Rd8 Nb3 63.c6 Nd4 64.c7 Nxb5 65.c8=Q Rxc8 66.
Rxc8 Nd6 67.Rh8 Nc4+ 68.Kc5 Ne3 69.g3 Nf1 70.Rxh7 Kf3 71.Kd4 Nxh2 72.Rxh2 
Kxg3 73.Re2 Kf3 74.Re3+ Kf2 75.Ke4 g3 76.Rf3+ 1-0

[Event "22nd Varna it"]
[Site "Varna BUL"]
[Date "1983.05.??"]
[Round "8"]
[White "Meduna, Eduard"]
[Black "Espig, Lutz"]
[Result "1/2-1/2"]
[WhiteElo "2475"]
[BlackElo "2425"]
[EventDate "1983.05.01"]
[PlyCount "97"]

1.d4 d5 2.c4 e6 3.Nf3 c5 4.cxd5 exd5 5.g3 Nc6 6.Bg2 Nf6 7.O-O Be7 8.dxc5 
Bxc5 9.Bg5 Be6 10.Nc3 d4 11.Bxf6 Qxf6 12.Ne4 Qe7 13.Nxc5 Qxc5 14.a3 O-O 
15.b4 Qb6 16.Qd3 h6 17.b5 Na5 18.Qxd4 Qxb5 19.Qb4 Bc4 20.Nd4 Qe5 21.Rfd1 
Rac8 22.e3 Ba6 23.Rac1 b6 24.Qa4 Rxc1 25.Rxc1 Rc8 26.Rd1 g6 27.h4 Qe7 28.
Qb4 Qc5 29.Bf3 h5 30.Qa4 Qe7 31.Bd5 Bb7 32.Bxb7 Qxb7 33.Qb5 Qe7 34.a4 Rc5 
35.Qa6 Qd7 36.Ra1 Nc4 37.Nb3 Rc7 38.Qb5 Qe6 39.Qg5 Rd7 40.Nd4 Qe4 41.Rc1 
Rd5 42.Qf6 Rc5 43.Rd1 Qe5 44.Qd8+ Kg7 45.Nf3 Qf5 46.Kg2 Ne5 47.Nxe5 Qxe5 
48.Qa8 Qc7 49.e4 1/2-1/2

[Event "22nd Varna it"]
[Site "Varna BUL"]
[Date "1983.05.??"]
[Round "8"]
[White "Ortega, Lexy"]
[Black "Cabrilo, Goran"]
[Result "1-0"]
[WhiteElo "2425"]
[BlackElo "2445"]
[EventDate "1983.05.01"]
[PlyCount "88"]

1.c4 e5 2.g3 d6 3.Bg2 g6 4.Nc3 Bg7 5.e4 Nc6 6.d3 Be6 7.Be3 Qd7 8.Qd2 Nd4 
9.Rc1 c6 10.h4 f5 11.b3 Nf6 12.Nh3 h6 13.Bxd4 exd4 14.Ne2 Ng4 15.Nhf4 Bf7 
16.exf5 gxf5 17.b4 O-O 18.O-O Rfe8 19.b5 cxb5 20.cxb5 Rac8 21.Qa5 Rc5 22.
a4 b6 23.Qb4 Rec8 24.Bc6 Qd8 25.a5 bxa5 26.Qa3 Qb6 27.Rxc5 dxc5 28.Nd5 
Bxd5 29.Bxd5+ Kh8 30.Nf4 Be5 31.Be6 Rc7 32.Ng6+ Kg7 33.Bxf5 Bxg3 34.fxg3 
Ne3 35.Be4 Nxf1 36.Kxf1 Qxb5 37.Qc1 c4 38.Nf4 Qe5 39.Bd5 c3 40.Ne6+ Kh7 
41.Be4+ Kg8 42.Nxc7 Qxc7 43.Qxh6 Qg7 44.Bd5+ Kf8 1-0

[Event "22nd Varna it"]
[Site "Varna BUL"]
[Date "1983.05.??"]
[Round "8"]
[White "Spiridonov, Nikola"]
[Black "Kirov, Nino"]
[Result "1/2-1/2"]
[WhiteElo "2405"]
[BlackElo "2425"]
[EventDate "1983.05.01"]
[PlyCount "28"]

1.d4 d5 2.Nf3 c6 3.c4 Nf6 4.cxd5 cxd5 5.Nc3 Nc6 6.Bf4 e6 7.e3 Bd6 8.Bxd6 
Qxd6 9.Bd3 O-O 10.O-O b6 11.Rc1 Bb7 12.Qe2 Rfc8 13.a3 a6 14.Rc2 b5 1/2-1/2

[Event "22nd Varna it"]
[Site "Varna BUL"]
[Date "1983.05.??"]
[Round "9"]
[White "Cabrilo, Goran"]
[Black "Georgiev, Krum"]
[Result "1/2-1/2"]
[WhiteElo "2445"]
[BlackElo "2440"]
[EventDate "1983.05.01"]
[PlyCount "54"]

1.e4 c5 2.Nf3 d6 3.d4 Nf6 4.Nc3 cxd4 5.Nxd4 g6 6.g3 Nc6 7.Bg2 Nxd4 8.Qxd4 
Bg7 9.O-O O-O 10.Qd1 Bg4 11.f3 Qb6+ 12.Kh1 Be6 13.Re1 Rac8 14.a4 Rfd8 15.
Nd5 Bxd5 16.exd5 Qc5 17.Rxe7 Qxc2 18.Be3 Re8 19.Rxe8+ Nxe8 20.Qxc2 Rxc2 
21.Bxa7 Bxb2 22.Rb1 Kf8 23.Bf1 Nf6 24.Bb8 Nxd5 25.Bxd6+ Kg8 26.Re1 Rc6 27.
Re8+ Kg7 1/2-1/2

[Event "22nd Varna it"]
[Site "Varna BUL"]
[Date "1983.05.??"]
[Round "9"]
[White "Ermenkov, Evgeny"]
[Black "Spiridonov, Nikola"]
[Result "1/2-1/2"]
[WhiteElo "2445"]
[BlackElo "2405"]
[EventDate "1983.05.01"]
[PlyCount "105"]

1.e4 c6 2.d4 d5 3.Nd2 dxe4 4.Nxe4 Nd7 5.Nf3 Ngf6 6.Ng3 e6 7.Bd3 c5 8.O-O 
Be7 9.Re1 O-O 10.c4 cxd4 11.Nxd4 Nc5 12.Bc2 a5 13.b3 Bd7 14.Bb2 Re8 15.Qf3
Qc7 16.Rad1 Bc6 17.Nxc6 Qxc6 18.Qxc6 bxc6 19.Bc3 Ncd7 20.Ne4 Bb4 21.Re3 
Bxc3 22.Rxc3 Kf8 23.f3 Ke7 24.Rcd3 Red8 25.Rd6 Rac8 26.R6d2 Nxe4 27.Bxe4 
c5 28.f4 Nf6 29.Bf3 Rxd2 30.Rxd2 h6 31.h4 Rd8 32.Rxd8 Kxd8 33.Kf2 Kc7 34.
Ke3 Kd6 35.g4 e5 36.g5 exf4+ 37.Kxf4 hxg5+ 38.hxg5 Nd7 39.Bd5 f6 40.gxf6 
gxf6 41.Kf5 Ke7 42.Bg8 Ne5 43.Ke4 Kd6 44.Kf5 Nd3 45.Kxf6 Nc1 46.Bh7 Nxa2 
47.Bc2 Nb4 48.Bd1 Nd3 49.Kf5 Ne5 50.Kf6 a4 51.bxa4 Nxc4 52.Be2 Na5 53.Bb5 
1/2-1/2

[Event "22nd Varna it"]
[Site "Varna BUL"]
[Date "1983.05.??"]
[Round "9"]
[White "Groszpeter, Attila"]
[Black "Lukov, Valentin"]
[Result "0-1"]
[WhiteElo "2505"]
[BlackElo "2430"]
[EventDate "1983.05.01"]
[PlyCount "122"]

1.d4 Nf6 2.c4 c5 3.d5 e6 4.Nc3 exd5 5.cxd5 d6 6.Nf3 g6 7.Bg5 Bg7 8.e3 h6 
9.Bh4 g5 10.Bg3 Nh5 11.Bd3 Nxg3 12.hxg3 Na6 13.Rc1 Bd7 14.Nd2 Nb4 15.Bb1 
b5 16.Qf3 Rb8 17.a3 Na6 18.a4 Nc7 19.axb5 Nxb5 20.Bf5 Nxc3 21.bxc3 Bb5 22.
c4 Ba6 23.O-O O-O 24.g4 Rb2 25.Rfd1 Qe7 26.Ra1 Rb6 27.Ra4 Qe8 28.Ra3 Qe5 
29.g3 Rfb8 30.Kg2 Qe7 31.Rh1 Rb2 32.Rxa6 Rxd2 33.Rb1 Rxb1 34.Bxb1 Qb7 35.
Rxd6 Qxb1 36.Rd8+ Bf8 37.Rd7 Qg6 38.Rxa7 Rc2 39.e4 Rxc4 40.e5 Qe4 41.d6 
Qxf3+ 42.Kxf3 Rd4 43.Ra8 Kg7 44.Rc8 f6 45.Rc7+ Kg8 46.Rxc5 fxe5 47.Rxe5 
Rxd6 48.Re2 Rf6+ 49.Kg2 Bc5 50.Rc2 Bb6 51.Rb2 Kf7 52.Re2 Re6 53.Rb2 Ke7 
54.Rb5 Kd7 55.Rb2 Kc6 56.Rd2 Rd6 57.Re2 Kd5 58.Rd2+ Bd4 59.Ra2 Rb6 60.Ra8 
Rb2 61.Rf8 Ke4 0-1

[Event "22nd Varna it"]
[Site "Varna BUL"]
[Date "1983.05.??"]
[Round "9"]
[White "Inkiov, Ventzislav"]
[Black "Meduna, Eduard"]
[Result "1/2-1/2"]
[WhiteElo "2500"]
[BlackElo "2475"]
[EventDate "1983.05.01"]
[PlyCount "73"]

1.d4 d5 2.c4 c6 3.Nf3 Nf6 4.Nc3 dxc4 5.a4 Bf5 6.Nh4 e6 7.Nxf5 exf5 8.e3 
Bd6 9.Bxc4 O-O 10.Qf3 g6 11.h3 h5 12.O-O Qe7 13.Bd2 Nbd7 14.Rae1 Ne4 15.
Nxe4 fxe4 16.Qe2 Nb6 17.Bb3 Nd5 18.f4 f5 19.g4 Kg7 20.gxf5 Rxf5 21.Kh1 Rf6
22.Rg1 Qe6 23.Qh2 Rg8 24.Rg3 Kf8 25.Reg1 Rg7 26.Bxd5 cxd5 27.Qg2 Kf7 28.
Qe2 Be7 29.Qb5 Qc6 30.Qb3 Qd7 31.a5 a6 32.Kh2 Rg8 33.R3g2 Qb5 34.Qc2 Qc6 
35.Qb3 Qb5 36.Qc2 Qc6 37.Qb3 1/2-1/2

[Event "22nd Varna it"]
[Site "Varna BUL"]
[Date "1983.05.??"]
[Round "9"]
[White "Lalev, Dimitar"]
[Black "Ortega, Lexy"]
[Result "1/2-1/2"]
[WhiteElo "2385"]
[BlackElo "2425"]
[EventDate "1983.05.01"]
[PlyCount "33"]

1.Nf3 Nf6 2.d4 e6 3.g3 c5 4.Bg2 cxd4 5.O-O d5 6.Nxd4 Be7 7.c4 O-O 8.cxd5 
Nxd5 9.Nc3 Nxc3 10.bxc3 Nd7 11.Qc2 Nc5 12.Rd1 Bd7 13.Nb3 Rc8 14.Nxc5 Bxc5 
15.Bf4 Qe8 16.Bxb7 Ba4 17.Qd2 1/2-1/2

[Event "22nd Varna it"]
[Site "Varna BUL"]
[Date "1983.05.??"]
[Round "10"]
[White "Atanasov, Petko"]
[Black "Inkiov, Ventzislav"]
[Result "1/2-1/2"]
[WhiteElo "2400"]
[BlackElo "2500"]
[EventDate "1983.05.01"]
[PlyCount "26"]

1.e4 c5 2.Nf3 Nc6 3.d4 cxd4 4.Nxd4 Nf6 5.Nc3 d6 6.Be2 e5 7.Nb3 Be7 8.O-O 
O-O 9.f4 exf4 10.Bxf4 Be6 11.Kh1 d5 12.exd5 Nxd5 13.Nxd5 Qxd5 1/2-1/2

[Event "22nd Varna it"]
[Site "Varna BUL"]
[Date "1983.05.??"]
[Round "10"]
[White "Kirov, Nino"]
[Black "Ermenkov, Evgeny"]
[Result "1/2-1/2"]
[WhiteElo "2425"]
[BlackElo "2445"]
[EventDate "1983.05.01"]
[PlyCount "58"]

1.Nf3 b5 2.g3 Bb7 3.Bg2 Nf6 4.O-O e6 5.d3 c5 6.e4 d6 7.a4 b4 8.a5 Nbd7 9.
Nbd2 Be7 10.Nc4 Qc7 11.Bf4 e5 12.Bc1 O-O 13.Nh4 Rfe8 14.f4 exf4 15.Bxf4 
Ne5 16.Bxe5 dxe5 17.Bh3 Rad8 18.Qe2 g6 19.Nf3 Bf8 20.Rf2 h6 21.Nfd2 Nh7 
22.Raf1 Re7 23.Bg2 h5 24.h4 Bh6 25.Nf3 Bc8 26.Kh2 Bg4 27.Qe1 Rde8 28.Nfd2 
Kg7 29.Bh3 Bxh3 1/2-1/2

[Event "22nd Varna it"]
[Site "Varna BUL"]
[Date "1983.05.??"]
[Round "10"]
[White "Lukov, Valentin"]
[Black "Cabrilo, Goran"]
[Result "1/2-1/2"]
[WhiteElo "2430"]
[BlackElo "2445"]
[EventDate "1983.05.01"]
[PlyCount "33"]

1.e4 c5 2.Nf3 Nc6 3.d4 cxd4 4.Nxd4 Qb6 5.Nb3 Nf6 6.Nc3 e6 7.Bd3 d6 8.Be3 
Qc7 9.f4 a6 10.g4 b5 11.g5 Nd7 12.Qf3 Nc5 13.O-O-O b4 14.Ne2 Nxd3+ 15.Rxd3
Bb7 16.Ng3 a5 17.Nd4 1/2-1/2

[Event "22nd Varna it"]
[Site "Varna BUL"]
[Date "1983.05.??"]
[Round "10"]
[White "Ortega, Lexy"]
[Black "Espig, Lutz"]
[Result "1/2-1/2"]
[WhiteElo "2425"]
[BlackElo "2425"]
[EventDate "1983.05.01"]
[PlyCount "55"]

1.c4 c5 2.Nf3 g6 3.Nc3 Bg7 4.e3 Nf6 5.d4 O-O 6.Be2 cxd4 7.Nxd4 Nc6 8.O-O 
d6 9.Re1 Bd7 10.b3 a6 11.Bb2 Qa5 12.Bf3 Ne5 13.Be2 Rfc8 14.a3 Rab8 15.h3 
Nc6 16.Rc1 Qd8 17.Qd2 Na5 18.Qd1 Qb6 19.Nb1 d5 20.Nd2 dxc4 21.Nxc4 Nxc4 
22.Bxc4 Ne4 23.b4 a5 24.Qb3 Nd6 25.bxa5 Qxa5 26.Bc3 Qa4 27.Qxa4 Bxa4 28.
Bf1 1/2-1/2

[Event "22nd Varna it"]
[Site "Varna BUL"]
[Date "1983.05.??"]
[Round "11"]
[White "Cabrilo, Goran"]
[Black "Spiridonov, Nikola"]
[Result "0-1"]
[WhiteElo "2445"]
[BlackElo "2405"]
[EventDate "1983.05.01"]
[PlyCount "60"]

1.e4 c6 2.d4 d5 3.Nd2 dxe4 4.Nxe4 Nd7 5.Bc4 Ngf6 6.Ng5 e6 7.Qe2 Nb6 8.Bb3 
h6 9.N5f3 a5 10.a3 a4 11.Ba2 c5 12.c3 Be7 13.dxc5 Nbd7 14.Nd4 Bxc5 15.Ngf3
O-O 16.Bf4 Bxd4 17.cxd4 Nd5 18.Bd6 Re8 19.O-O N7f6 20.Be5 b5 21.Rfc1 Ba6 
22.Qe1 Qb6 23.Rc5 Nd7 24.Bxd5 exd5 25.Rxd5 Qb7 26.Rd6 f6 27.Rd1 Nb6 28.Qb4
Nc4 29.Rxa6 Rxa6 30.Bg3 Qd5 0-1

[Event "22nd Varna it"]
[Site "Varna BUL"]
[Date "1983.05.??"]
[Round "11"]
[White "Espig, Lutz"]
[Black "Georgiev, Krum"]
[Result "1-0"]
[WhiteElo "2425"]
[BlackElo "2440"]
[EventDate "1983.05.01"]
[PlyCount "75"]

1.d4 Nf6 2.Nf3 g6 3.Bg5 Ne4 4.Bf4 Bg7 5.e3 c5 6.Nbd2 d5 7.c3 Nc6 8.Nxe4 
dxe4 9.Nd2 cxd4 10.exd4 f5 11.Qb3 e6 12.h4 Bf6 13.g3 O-O 14.Nc4 Qd5 15.
O-O-O Rd8 16.Be2 Bd7 17.Kb1 b5 18.Nd6 Qxb3 19.axb3 a6 20.Nb7 Rdc8 21.Nc5 
Ra7 22.f3 exf3 23.Bxf3 Nd8 24.Rhe1 Bc6 25.Bxc6 Rxc6 26.b4 Kf7 27.Kc2 Nb7 
28.Ra1 Nxc5 29.bxc5 b4 30.Kd3 bxc3 31.bxc3 Rd7 32.Kc4 Bd8 33.Reb1 g5 34.
hxg5 Kg6 35.Rb8 Bc7 36.Ra8 Bxf4 37.gxf4 Rdd6 38.Kb4 1-0

[Event "22nd Varna it"]
[Site "Varna BUL"]
[Date "1983.05.??"]
[Round "11"]
[White "Groszpeter, Attila"]
[Black "Kirov, Nino"]
[Result "1/2-1/2"]
[WhiteElo "2505"]
[BlackElo "2425"]
[EventDate "1983.05.01"]
[PlyCount "23"]

1.d4 d5 2.c4 c6 3.cxd5 cxd5 4.Nc3 Nc6 5.Nf3 Nf6 6.Bf4 Bf5 7.e3 e6 8.Bd3 
Bxd3 9.Qxd3 Bd6 10.Bxd6 Qxd6 11.O-O O-O 12.Rfd1 1/2-1/2

[Event "22nd Varna it"]
[Site "Varna BUL"]
[Date "1983.05.??"]
[Round "11"]
[White "Meduna, Eduard"]
[Black "Atanasov, Petko"]
[Result "1-0"]
[WhiteElo "2475"]
[BlackElo "2400"]
[EventDate "1983.05.01"]
[PlyCount "69"]

1.d4 Nf6 2.c4 g6 3.Nc3 d5 4.Nf3 Bg7 5.cxd5 Nxd5 6.e4 Nxc3 7.bxc3 c5 8.Rb1 
O-O 9.Be2 Nc6 10.d5 Ne5 11.Nxe5 Bxe5 12.Qd2 Qa5 13.Rb3 a6 14.f4 Bg7 15.c4 
Qc7 16.Bb2 b5 17.Bxg7 Kxg7 18.O-O f6 19.cxb5 axb5 20.Rc1 Ra4 21.Rxb5 c4 
22.Qe3 Bd7 23.Rb2 Rc8 24.Rbc2 Bb5 25.a3 Qa5 26.Rc3 Qc7 27.h3 Rca8 28.e5 
Ba6 29.Rb1 Rf8 30.Rb6 fxe5 31.fxe5 Rb8 32.Rxb8 Qxb8 33.Qd4 Qb2 34.e6+ Kh6 
35.Qh4+ 1-0

[Event "22nd Varna it"]
[Site "Varna BUL"]
[Date "1983.05.??"]
[Round "12"]
[White "Georgiev, Krum"]
[Black "Inkiov, Ventzislav"]
[Result "1/2-1/2"]
[WhiteElo "2440"]
[BlackElo "2500"]
[EventDate "1983.05.01"]
[PlyCount "24"]

1.Nf3 Nf6 2.g3 b6 3.Bg2 Bb7 4.O-O e6 5.c4 Be7 6.Nc3 O-O 7.d4 Ne4 8.Nxe4 
Bxe4 9.Ne1 Bxg2 10.Nxg2 d5 11.Qa4 Qd7 12.Qxd7 Nxd7 1/2-1/2

[Event "22nd Varna it"]
[Site "Varna BUL"]
[Date "1983.05.??"]
[Round "12"]
[White "Lukov, Valentin"]
[Black "Espig, Lutz"]
[Result "0-1"]
[WhiteElo "2430"]
[BlackElo "2425"]
[EventDate "1983.05.01"]
[PlyCount "65"]

1.e4 c5 2.Nf3 e6 3.d4 cxd4 4.Nxd4 Nf6 5.Nc3 d6 6.Be2 Be7 7.O-O O-O 8.Kh1 
Nc6 9.Be3 Qc7 10.f4 a6 11.a4 Re8 12.Bd3 Nxd4 13.Bxd4 e5 14.Be3 Bg4 15.Qd2 
exf4 16.Rxf4 Be6 17.Bd4 Nd7 18.Rf2 Ne5 19.Nd5 Bxd5 20.exd5 Bf8 21.Raf1 g6 
22.b3 f5 23.h3 Bg7 24.Be2 Re7 25.g4 fxg4 26.Bxe5 Rxe5 27.Bxg4 Rae8 28.Be6+
R8xe6 29.dxe6 Qc6+ 30.Kh2 Rxe6 31.Rf3 b5 32.axb5 axb5 33.R1f2 0-1

[Event "22nd Varna it"]
[Site "Varna BUL"]
[Date "1983.05.??"]
[Round "12"]
[White "Spiridonov, Nikola"]
[Black "Lalev, Dimitar"]
[Result "1/2-1/2"]
[WhiteElo "2405"]
[BlackElo "2385"]
[EventDate "1983.05.01"]
[PlyCount "38"]

1.d4 d5 2.Nf3 Nf6 3.c4 e6 4.Nc3 Be7 5.Bg5 h6 6.Bxf6 Bxf6 7.e3 O-O 8.cxd5 
exd5 9.Qd2 Bf5 10.Bd3 Qd7 11.O-O Nc6 12.Rac1 Bxd3 13.Qxd3 Ne7 14.Rc2 Rfe8 
15.Rfc1 Nf5 16.g3 g6 17.Kg2 h5 18.Ne2 c6 19.h4 Re7 1/2-1/2

[Event "22nd Varna it"]
[Site "Varna BUL"]
[Date "1983.05.??"]
[Round "13"]
[White "Cabrilo, Goran"]
[Black "Ermenkov, Evgeny"]
[Result "1-0"]
[WhiteElo "2445"]
[BlackElo "2445"]
[EventDate "1983.05.01"]
[PlyCount "88"]

1.e4 c5 2.Nf3 Nc6 3.d4 cxd4 4.Nxd4 Nf6 5.Nc3 d6 6.Bg5 Bd7 7.Qd2 Rc8 8.Nb3 
a6 9.Be2 b5 10.a3 e6 11.O-O h6 12.Bf4 Ne5 13.Bg3 Qb6 14.Kh1 Bc6 15.f3 Be7 
16.Bf2 Qb8 17.a4 Nc4 18.Qc1 O-O 19.Nd4 d5 20.axb5 axb5 21.b3 Na3 22.exd5 
Ba8 23.Ncxb5 Nxb5 24.Nxb5 Nxd5 25.c4 Bg5 26.Qb2 Nf4 27.Ba7 Qb7 28.Nd6 Qe7 
29.Nxc8 Rxc8 30.Bd4 e5 31.Bxe5 Re8 32.Rfe1 Bc6 33.Bf1 Bh4 34.Bxf4 Bxe1 35.
Bg3 Bb4 36.Bf2 Rd8 37.Bg1 Rd2 38.Qb1 Qf6 39.Ra2 Rd6 40.Rc2 g5 41.c5 Re6 
42.Re2 h5 43.Qd3 g4 44.Rxe6 Qxe6 1-0

[Event "22nd Varna it"]
[Site "Varna BUL"]
[Date "1983.05.??"]
[Round "13"]
[White "Espig, Lutz"]
[Black "Spiridonov, Nikola"]
[Result "1/2-1/2"]
[WhiteElo "2425"]
[BlackElo "2405"]
[EventDate "1983.05.01"]
[PlyCount "25"]

1.Nf3 Nf6 2.d4 d5 3.c4 c6 4.cxd5 cxd5 5.Nc3 Nc6 6.Bf4 e6 7.e3 Bd6 8.Bxd6 
Qxd6 9.Be2 O-O 10.O-O Bd7 11.Rc1 Rfc8 12.Qd3 a6 13.Qb1 1/2-1/2

[Event "22nd Varna it"]
[Site "Varna BUL"]
[Date "1983.05.??"]
[Round "13"]
[White "Inkiov, Ventzislav"]
[Black "Lukov, Valentin"]
[Result "1/2-1/2"]
[WhiteElo "2500"]
[BlackElo "2430"]
[EventDate "1983.05.01"]
[PlyCount "127"]

1.e4 c5 2.Nf3 Nc6 3.d4 cxd4 4.Nxd4 Qb6 5.Nb3 Nf6 6.Nc3 e6 7.g3 Bb4 8.Bg2 
d5 9.exd5 Nxd5 10.Bd2 Nxc3 11.bxc3 Be7 12.O-O O-O 13.Qe2 Bd7 14.Rab1 Qc7 
15.Rfe1 Rad8 16.Nd4 Qc8 17.Bf4 Nxd4 18.cxd4 Bc6 19.Bxc6 Qxc6 20.Be3 Bf6 
21.Qb5 Qxb5 22.Rxb5 b6 23.a4 Bxd4 24.Bxd4 Rxd4 25.a5 bxa5 26.Rxa5 Ra8 27.
Rea1 Rd7 28.c4 Kf8 29.c5 Ke7 30.c6 Rc7 31.Ra6 Kd6 32.Rd1+ Kc5 33.Rc1+ Kd6 
34.Rd1+ Ke7 35.h4 Rb8 36.Rda1 Rb6 37.Rxa7 Rxc6 38.Rxc7+ Rxc7 39.Kg2 e5 40.
Ra4 f5 41.Ra2 Rc6 42.Rb2 Kf6 43.Rd2 Kg6 44.Ra2 Re6 45.Ra7 e4 46.Ra5 h6 47.
Rb5 Rc6 48.Ra5 Rc2 49.Kf1 Rc6 50.Kg2 Kf6 51.Rb5 g5 52.hxg5+ hxg5 53.Ra5 f4
54.gxf4 gxf4 55.Kh3 Rc2 56.Kg4 Rxf2 57.Rf5+ Ke6 58.Rxf4 Re2 59.Kg3 Ke5 60.
Rf8 Rd2 61.Ra8 Kd4 62.Kf4 Rf2+ 63.Kg3 e3 64.Ra4+ 1/2-1/2

[Event "22nd Varna it"]
[Site "Varna BUL"]
[Date "1983.05.??"]
[Round "13"]
[White "Meduna, Eduard"]
[Black "Georgiev, Krum"]
[Result "1/2-1/2"]
[WhiteElo "2475"]
[BlackElo "2440"]
[EventDate "1983.05.01"]
[PlyCount "30"]

1.d4 Nf6 2.Nf3 e6 3.Bf4 d5 4.e3 Bd6 5.Bxd6 Qxd6 6.Nbd2 c5 7.c3 Nc6 8.a3 
O-O 9.b4 cxb4 10.cxb4 Bd7 11.Be2 a6 12.O-O Na7 13.Qb3 Rac8 14.Rfc1 Rxc1+ 
15.Rxc1 Rc8 1/2-1/2